[Event "12th Liberec Open"]
[Site "Liberec CZE"]
[Date "2011.10.25"]
[Round "4"]
[White "Pedersen,HB"]
[Black "Voelz,S"]
[Result "1-0"]
[WhiteElo "2118"]
[BlackElo "1963"]

1.e4 c5 2.c3 Nf6 3.e5 Nd5 4.Nf3 Nc6 5.Bc4 Nb6 6.Bb3 d6 7.exd6 c4 8.Bc2 Qxd6
9.O-O Bg4 10.Qe2 g6 11.Na3 Qe6 12.Qxe6 Bxe6 13.Re1 Bg7 14.Ng5 Bd5 15.d3 cxd3
16.Bxd3 Ne5 17.Bb5+ Bc6 18.Be3 h6 19.Bd4 hxg5 20.Bxe5 f6 21.Bd4 e5 22.Rad1 O-O-O
23.Bxb6 axb6 24.Bc4 Rxd1 25.Rxd1 Bf8 26.Be6+ Kc7 27.Nc4 Be7 28.Ne3 Rd8 29.Rxd8 Kxd8
30.Bf7 Be4 31.Bd5 Bb1 32.a3 Kc7 33.Bf7 Kd6 34.Kf1 Bd3+ 35.Ke1 e4 36.Bxg6 Ke5
37.Kd2 Bc5 38.g3 Bxe3+ 39.Kxe3 f5 40.f4+ Kf6 41.Be8 g4 42.Bd7 b5 43.Kd4 b6
44.a4 bxa4 45.Bxa4 Ke6 46.c4 Kd6 47.Bb5 Ke6 48.Ba6 Bc2 49.Bc8+ Kf6 50.b4 Bd3
51.Bd7 Bc2 52.Bc8 Ba4 53.Ke3 Bb3 54.Kd4 Ba4 55.Kc3 Bc6 56.Kd4 Ba4 57.Ba6 Bc6
58.c5 b5 59.Bc8 Kg6 60.Be6 Kf6 61.Bb3 Bb7 62.Bd1 Bc6 63.Be2 Ke6 64.Bf1 Kf6
65.h3 gxh3 66.Bxh3 Bd7 67.Bf1 Bc6 68.Be2 Ke6 69.g4 fxg4 70.Bxg4+ Kf6 71.Bc8 Ke7
72.Ke5 Ba8 73.Bg4 Bc6 74.Be2 Kd7 75.f5 Ke7 76.f6+ Kf8 77.Kd6  1-0

[Event "12th Liberec Open"]
[Site "Liberec CZE"]
[Date "2011.10.26"]
[Round "5"]
[White "Hansen,Fl"]
[Black "Vlasak,Lu"]
[Result "0-1"]
[WhiteElo "2100"]
[BlackElo "2319"]

1.e4 c5 2.c3 Nf6 3.e5 Nd5 4.Nf3 Nc6 5.Bc4 Nb6 6.Bb3 d5 7.d4 cxd4 8.cxd4 Bg4
9.Be3 e6 10.Nc3 Be7 11.O-O O-O 12.h3 Bh5 13.Ne2 Bxf3 14.gxf3 Nc4 15.Bc1 Rc8
16.Kg2 f6 17.f4 fxe5 18.fxe5 Qe8 19.Ng3 Qf7 20.Qg4 h5 21.Nxh5 Nxd4 22.Bf4 Nf5
23.Rad1 Nxb2 24.Rd2 Nc4 25.Rd3 Qg6 26.Kh2 Qxg4 27.hxg4 Nh4 28.Bg3 Nf3+ 29.Kg2 Ng5
30.f4 Ne4 31.Be1 b5 32.Rh3 Ncd2 33.Rfh1 Nxb3 34.axb3 Rc2+ 35.Kf3 Ng5+ 36.Ke3 Nxh3
37.Rxh3 Rb2 38.Kd4 Rc8  0-1

[Event "1st WCGD"]
[Site "Dresden GER"]
[Date "2011.10.27"]
[Round "4"]
[White "Schellmann,F"]
[Black "Skorobogatykh,A"]
[Result "1/2-1/2"]
[WhiteElo "2046"]
[BlackElo "1944"]

1.e4 c5 2.c3 Nf6 3.e5 Nd5 4.Nf3 e6 5.Bc4 d6 6.d4 Nb6 7.Bd3 dxe5 8.Nxe5 cxd4
9.cxd4 N8d7 10.O-O a6 11.Nc3 Nf6 12.Bc2 Be7 13.Qd3 O-O 14.Bg5 g6 15.Bh6 Re8
16.Rad1 Bf8 17.Bg5 Be7 18.Qf3 Nbd7 19.Bb3 Nxe5 20.dxe5 Nd7 21.Bf4 Qa5 22.Qe2 Rd8
23.Bc2 b5 24.Be4 Rb8 25.Bb1 Bb7 26.Ne4 Bxe4 27.Qxe4 Nc5 28.Qe2 Qb4 29.Bc1 Na4
30.a3 Qc5 31.Bh6 Qc4 32.Bd3 Qb3 33.Bc1 Rbc8 34.Be4 Nc5 35.Bc2 Qa2 36.Rxd8+ Rxd8
37.Rd1 Qc4 38.Rxd8+ Bxd8 39.Qd1 Bc7 40.f4 Ne4 41.Bxe4 Qxe4 42.h3 Bb6+ 43.Kh2 Qd4
44.Qxd4 Bxd4 45.b3 f6 46.exf6 Kf7 47.Kg3 Kxf6 48.Kf3 e5 49.Ke4 Ke6 50.a4 bxa4
51.bxa4 Ba1 52.fxe5 Bxe5 53.Ba3 h5 54.g4 hxg4 55.hxg4 Ba1 56.Bc5 Bb2 57.Bf8 Ba1
58.Bc5 Bb2 59.Bf8 Ba1  1/2-1/2

[Event "12th Liberec Open"]
[Site "Liberec CZE"]
[Date "2011.10.27"]
[Round "6"]
[White "Eriksson,C"]
[Black "Moehn,H"]
[Result "1/2-1/2"]
[WhiteElo "2126"]
[BlackElo "2064"]

1.e4 c5 2.c3 Nf6 3.e5 Nd5 4.d4 cxd4 5.Nf3 Nc6 6.cxd4 d6 7.Bc4 dxe5 8.Bxd5 Qxd5
9.Nc3 Qd6 10.d5 Nd4 11.Nxd4 exd4 12.Qxd4 e5 13.Qd3 f5 14.O-O Bd7 15.Re1 Kf7
16.Qf3 Qf6 17.Qe2 Bd6 18.Qh5+ Qg6 19.Qxg6+ Kxg6 20.Be3 Kf6 21.f3 Rhc8 22.Rac1 Bc5
23.Bxc5 Rxc5 24.Ne4+ fxe4 25.Rxc5 exf3 26.gxf3 Ke7 27.Rc2 Kd6 28.Rce2 Rf8
29.Re3 Rf5 30.Rd1 Rg5+ 31.Kf2 Rh5 32.Rh1 Kxd5 33.Rd1+ Ke6 34.f4 Rxh2+ 35.Kg3 Rh5
36.Rxe5+ Rxe5 37.fxe5 Bc6 38.Re1 Bd5 39.a3 a5 40.Kf4 Bc6 41.Rg1 Kf7 42.Rd1 Ke6
43.Rd6+ Ke7 44.Kg5 Kf7 45.Kf5 Ke7 46.Rd4 Bd7+ 47.Kf4 Bc6 48.b4 axb4 49.Rxb4 Ke6
50.Rd4 g5+ 51.Kxg5 Kxe5 52.Rb4 Kd6 53.Kh6 Kc7 54.Kxh7 b6 55.Kg7 Kb7 56.Kf6 Bf3
57.Ke7 Bg2 58.Kd6 Bf3 59.Rf4 Bg2 60.Rf7+ Kb8 61.Rg7 Bf3 62.Ke5 Bc6 63.Kd4 Kc8
64.Kc4 Kb8 65.Kd4 Kc8 66.Ke5 Kb8 67.Kd6 Bf3 68.Rg3 Be4 69.Rc3 Bg2 70.a4 Kb7
71.Rc7+ Ka6 72.Rc5 Bf3 73.Kc7 Bd1 74.Rc6 Ka5 75.Rxb6 Kxa4 76.Kd6 Ka3 77.Kc5 Bb3
78.Kd4 Kb2 79.Kd3 Ka2 80.Kc3 Bf7 81.Rb2+ Ka1 82.Re2 Ba2 83.Re1+ Bb1 84.Kb4 Kb2
85.Re2+ Ka1 86.Kb3 Bg6 87.Re7 Bf5 88.Ra7+ Kb1 89.Re7 Ka1 90.Re5 Bg6 91.Ra5+ Kb1
92.Kc3 Be4 93.Rc5 Bg6 94.Rg5 Be4 95.Kb3 Ka1 96.Ra5+ Kb1 97.Re5 Bc2+ 98.Kc3 Bg6
99.Rb5+ Ka1 100.Rb7 Bf5 101.Kb3 Be4 102.Ra7+ Kb1 103.Ra5 Bg6 104.Rg5 Bc2+
105.Ka3 Ka1 106.Rg1+ Bb1 107.Ka4 Ka2 108.Kb4 Kb2 109.Rg2+ Ka1 110.Rg8 Kb2
111.Ra8 Be4 112.Ra3 Bc2 113.Rf3 Bb1  1/2-1/2

[Event "33rd Arco Open"]
[Site "Arco ITA"]
[Date "2011.10.29"]
[Round "8"]
[White "Savarese,V"]
[Black "Burani,E"]
[Result "1-0"]
[WhiteElo "1805"]
[BlackElo "1932"]

1.e4 c5 2.c3 Nf6 3.e5 Nd5 4.d4 cxd4 5.Nf3 d6 6.cxd4 Nc6 7.Bc4 e6 8.O-O Be7
9.Nc3 Nxc3 10.bxc3 dxe5 11.dxe5 O-O 12.Qe2 Bd7 13.Bb3 Qc7 14.Bc2 Rac8 15.Qc4 g6
16.Re1 Nb4 17.Bb3 Bc6 18.Qg4 Nd3 19.Bd2 Nxe1 20.Rxe1 Rcd8 21.Bh6 Bxf3 22.Qxf3 Rfe8
23.h4 Bf8 24.Bg5 Rc8 25.Re3 Be7 26.Bf6 Qc6 27.Qf4 Bxf6 28.exf6 Qc5 29.g4 h5
30.Re5 Qf8 31.gxh5 Rc5 32.hxg6 Rxe5 33.Qxe5 fxg6 34.Bxe6+ Kh7 35.h5 Qf7 36.Bxf7 Rxe5
37.hxg6+  1-0

[Event "12th Liberec Open"]
[Site "Liberec CZE"]
[Date "2011.10.29"]
[Round "9"]
[White "Maltsev,L"]
[Black "Eriksson,C"]
[Result "0-1"]
[WhiteElo "1880"]
[BlackElo "2126"]

1.e4 c5 2.c3 Nf6 3.e5 Nd5 4.d4 cxd4 5.cxd4 Nc6 6.Nf3 d6 7.Bc4 Nb6 8.Bb3 dxe5
9.d5 Na5 10.Nc3 Bg4 11.Be3 Nxb3 12.Qxb3 Bxf3 13.gxf3 g6 14.O-O-O Bg7 15.h4 h5
16.Bg5 Bf6 17.Bxf6 exf6 18.f4 Rc8 19.Kb1 O-O 20.f5 Qd7 21.fxg6 Qf5+ 22.Ka1 fxg6
23.d6+ Kg7 24.Nd5 Nxd5 25.Qxb7+ Rf7 26.Qxd5 Rd8 27.Qc5 Rfd7 28.Rd2 Qe6 29.Rhd1 Qg4
30.Rh1 Qg2 31.Re1 Qh2 32.Qb4 Qh3 33.a3 Qe6 34.Red1 Qg4 35.Qa5 Qxh4 36.Rc1 Qf4
37.Rc7 a6 38.Rdc2 Kh6 39.Rxd7 Rxd7 40.Qxa6 Qd4 41.Rc6 Ra7 42.Qc4 Rxa3+ 43.Kb1 Qxc4
44.Rxc4 Rd3 45.Rc6 h4 46.Kc2 Rd4 47.b3 Kg5 48.Kc1 h3 49.Rc3 h2 50.Rh3 Rh4
51.f4+ exf4  0-1

[Event "8th Lippe Cup"]
[Site "Lieme GER"]
[Date "2011.10.29"]
[Round "3.16"]
[White "Peters,Stepha"]
[Black "Schmitz,Philipp"]
[Result "1/2-1/2"]
[WhiteElo "1913"]
[BlackElo "1972"]

1.e4 c5 2.c3 Nf6 3.e5 Nd5 4.d4 cxd4 5.cxd4 e6 6.Nc3 Nxc3 7.bxc3 d6 8.Nf3 Nc6
9.Bf4 Be7 10.Bd3 O-O 11.Qc2 h6 12.O-O dxe5 13.Nxe5 Nxe5 14.Bxe5 Bd6 15.Rfe1 b6
16.Re3 Bxe5 17.Rxe5 Bb7 18.Rae1 Rc8 19.f4 Qc7 20.R1e3 Kh8 21.Be2 Qd6 22.Qd3 Qa3
23.Qd2 Rc7 24.f5 exf5 25.Rxf5 Qd6 26.Rfe5 f5 27.Re6 Qd8 28.Rh3 f4 29.Re5 Re7
30.Rhh5 Rxe5 31.Rxe5 Qf6 32.Bf3 Bxf3 33.gxf3 Qc6  1/2-1/2

[Event "33rd Arco Open"]
[Site "Arco ITA"]
[Date "2011.10.30"]
[Round "9"]
[White "Cottarelli,F"]
[Black "Pipitone,A"]
[Result "1/2-1/2"]
[WhiteElo "1842"]
[BlackElo "1971"]

1.e4 c5 2.c3 Nf6 3.e5 Nd5 4.d4 cxd4 5.cxd4 Nc6 6.Nf3 d6 7.Bc4 dxe5 8.dxe5 e6
9.O-O Be7 10.a3 O-O 11.Qc2 Qc7 12.Bd3 h6 13.Re1 f5 14.Nc3 Nxc3 15.Qxc3 Bd7
16.Be3 Rac8 17.Rac1 Qb8 18.Qb3 Kh8 19.Bd2 a6 20.Bb1 b5 21.Qd3 Rfd8  1/2-1/2

[Event "Frauenbundesliga 2011-12"]
[Site "Germany GER"]
[Date "2011.10.30"]
[Round "2.4"]
[White "Kiefhaber, Veronika"]
[Black "Nikolova, Adriana"]
[Result "1/2-1/2"]
[WhiteElo "2217"]
[BlackElo "2268"]

1.e4 c5 2.c3 Nf6 3.e5 Nd5 4.Nf3 e6 5.Bc4 Nc6 6.d4 cxd4 7.cxd4 d6 8.O-O Be7
9.Qe2 O-O 10.Nc3 Nxc3 11.bxc3 dxe5 12.dxe5 Qa5 13.Qe4 Qa4 14.Bg5 h6 15.Bxe7 Nxe7
16.Rab1 Bd7 17.Bd3 Qxe4 18.Bxe4 Bc6 19.Bxc6 bxc6 20.c4 Rab8 21.Rfd1 Rfd8
22.h4 Rxd1+ 23.Rxd1 Rb7 24.g3 Kh7 25.h5 g6 26.hxg6+ Kxg6 27.Rd2 h5 28.Kg2 a5
29.Rd3 Rb4 30.Nh4+ Kg7 31.Rc3 c5 32.a3 Rb2 33.Nf3 Kg6 34.Nh4+ Kg5 35.Rf3 Nc6
36.Rxf7 Nxe5 37.Nf3+ Nxf3 38.Kxf3 Rc2 39.Ra7 Rxc4 40.Rxa5 Kf5 41.Ra8 Ke5
42.a4 Rc3+ 43.Ke2 Ra3 44.a5 Ke4 45.a6 Ra2+ 46.Kf1 c4 47.a7 c3 48.Rc8 Rxa7
49.Rxc3 Ra5 50.Kg2  1/2-1/2

[Event "Venetian Autumn Masters 2011"]
[Site "Venice ITA"]
[Date "2011.11.01"]
[Round "4.4"]
[White "Zamengo,F"]
[Black "Omeri,S"]
[Result "0-1"]
[WhiteElo "2002"]
[BlackElo "2199"]

1.e4 c5 2.c3 Nf6 3.e5 Nd5 4.d4 cxd4 5.Nf3 e6 6.cxd4 Nc6 7.Nc3 d6 8.exd6 Bxd6
9.Bd3 Nf6 10.O-O O-O 11.Bg5 Be7 12.Be3 a6 13.a3 b5 14.Qc2 Bb7 15.Rfd1 Rc8
16.Qe2 Na5 17.Ne5 Nd5 18.Nxd5 Qxd5 19.Qg4 f5 20.Qh3 Nb3 21.Rab1 Bf6 22.Be2 Qd8
23.Bf3 Bd5 24.Bxd5 Qxd5 25.Qf3 Bxe5 26.Qxd5 Bxh2+ 27.Kxh2 exd5 28.Rd3 Na5
29.a4 Rc2 30.axb5 axb5 31.Rc3 Re2 32.Bf4 Rxf2 33.Kg3 Re2 34.Kf3 Re4 35.Be5 Nc4  0-1

[Event "US Chess League 2011"]
[Site "ICC INT"]
[Date "2011.11.02"]
[Round "10"]
[White "Schroer,J"]
[Black "Milman,L"]
[Result "1/2-1/2"]
[WhiteElo "2359"]
[BlackElo "2452"]

1.e4 c5 2.c3 Nf6 3.e5 Nd5 4.Nf3 d6 5.exd6 e6 6.b4 b6 7.bxc5 bxc5 8.d4 Bxd6
9.c4 Nf6 10.dxc5 Bxc5 11.Qxd8+ Kxd8 12.Be2 Ke7 13.O-O Ba6 14.Nbd2 Rc8 15.Bb2 Nbd7
16.Rac1 Rab8 17.Nb3 Bb4 18.Bd4 Nc5 19.Rfd1 Ba3 20.Rb1 Ncd7 21.Bxa7 Ra8 22.Bd4 Bxc4
23.Bxc4 Rxc4 24.Ne5 Nxe5 25.Bxe5 Rc2 26.Rd2 Rxd2 27.Nxd2 Rc8 28.Nf1 Rc2 29.Ra1 Re2
30.Ne3 Ne4 31.Bd4 f6 32.Nc4 Bb4 33.a4 Rc2 34.Ne3 Rd2 35.Bb6 Bc3 36.Rc1 Rb2
37.a5 Bd2 38.Ra1 Bc3 39.Rc1 Bd2 40.Ra1 Bc3  1/2-1/2

[Event "FSFMA November"]
[Site "Budapest HUN"]
[Date "2011.11.05"]
[Round "1"]
[White "Gupta,B"]
[Black "Bellan,I"]
[Result "1-0"]
[WhiteElo "1998"]
[BlackElo "1973"]

1.e4 c5 2.c3 Nf6 3.e5 Nd5 4.d4 e6 5.Nf3 Nc6 6.c4 cxd4 7.cxd5 Qa5+ 8.Nbd2 Qxd5
9.Bc4 Qa5 10.O-O b5 11.Nb3 Qb6 12.Bd3 d5 13.Nbxd4  1-0

[Event "38th ch-IND w 2011"]
[Site "Chennai IND"]
[Date "2011.11.05"]
[Round "7"]
[White "Supriya,J"]
[Black "Nandhidhaa,P"]
[Result "0-1"]
[WhiteElo "1904"]
[BlackElo "2105"]

1.e4 c5 2.c3 Nf6 3.e5 Nd5 4.Nf3 d6 5.Bc4 Nb6 6.Bb3 Nc6 7.exd6 Qxd6 8.Na3 a6
9.O-O Na5 10.d4 Nxb3 11.Qxb3 Be6 12.Qc2 Bd5 13.dxc5 Qxc5 14.Be3 Qc7 15.Bxb6 Qxb6
16.Nd4 Qg6 17.Qxg6 hxg6 18.c4 e5 19.cxd5 Bxa3 20.bxa3 exd4 21.Rfd1 Rh4 22.g3 Re4
23.Re1 Rxe1+ 24.Rxe1+ Kd7 25.Rd1 Kd6 26.Rxd4 Rd8 27.Kf1 Kc5 28.Rd2 Rxd5 29.Rc2+ Kb6
30.Ke1 Rd7 31.Rc4 Rd3 32.Rb4+ Kc6 33.Rb3 Rxb3 34.axb3 Kc5 35.Ke2 Kd4 36.Kd2 g5
37.h3 f5 38.h4 gxh4 39.gxh4 Ke4 40.Ke2 Kf4 41.f3 Kg3 42.Ke3 f4+ 43.Ke4 g6
44.a4 a5  0-1

[Event "Hampshire Open"]
[Site "Eastleigh ENG"]
[Date "2011.11.05"]
[Round "2"]
[White "Waterfield,J"]
[Black "Corkett,A"]
[Result "1/2-1/2"]
[WhiteElo "2008"]
[BlackElo "2306"]

1.e4 c5 2.c3 Nf6 3.e5 Nd5 4.Bc4 e6 5.Nf3 Nb6 6.Bb3 d5 7.exd6 Qxd6 8.O-O Nc6
9.d4 Be7 10.Be3 cxd4 11.cxd4 O-O 12.Nc3 Nd5 13.Ne4 Qb4 14.Qd3 Qb6 15.a3 a5
16.Nc5 Rd8 17.Bc2 f5 18.Na4 Qc7 19.Nc3 Bf6 20.Nxd5 exd5 21.Rfe1 Ne7 22.Ne5 Ng6
23.Nxg6 hxg6 24.Qd2 Bd7 25.Rac1 Re8 26.Bb3 Qd6 27.Bf4 Rxe1+ 28.Rxe1 Qc6 29.Rc1 Qb5
30.Ba2 b6 31.Be5 Be6 32.Rc7 Bxe5 33.dxe5 Rd8 34.h4 Rd7 35.Rc8+ Kf7 36.h5 gxh5
37.Qg5 Qe2 38.f3 Qe1+ 39.Kh2 Qxe5+ 40.f4 Qf6 41.Qxh5+ g6 42.Qh7+ Qg7 43.Qxg7+ Kxg7
44.Rc6 Kf7 45.Rxb6 a4 46.Kg3 Rc7 47.Kf3 Rc1 48.Rb5 Rd1 49.Ke2 Rg1 50.Kf2 Rd1
51.Ke2 Rd4 52.Rb4 Re4+ 53.Kd3 Ke7 54.b3  1/2-1/2

[Event "FSFMA November"]
[Site "Budapest HUN"]
[Date "2011.11.10"]
[Round "6"]
[White "Gupta,B"]
[Black "Letay,G"]
[Result "1-0"]
[WhiteElo "1998"]
[BlackElo "2029"]

1.e4 c5 2.c3 Nf6 3.e5 Nd5 4.d4 cxd4 5.Nf3 Nc6 6.Bc4 Nb6 7.Bb3 d6 8.exd6 Qxd6
9.O-O d3 10.Na3 Bf5 11.Nb5 Qd7 12.Nbd4 Nxd4 13.Bxf7+ Kd8 14.cxd4 e6 15.Bh5 Bd6
16.Bg5+ Kc7 17.Rc1+ Kb8 18.Nh4 h6 19.Be3 Qe7 20.Ng6 Bxg6 21.Bxg6 a6 22.Qxd3 Nd5
23.Rfe1 Qf6 24.Be4 Ka7 25.a3 Raf8 26.Bxd5 exd5 27.b4 g5 28.b5 Rc8 29.bxa6 bxa6
30.Rc2 Rxc2 31.Qxc2 Qd8 32.Qc6 Bc7 33.Rb1 Bb6 34.a4 Rh7 35.Qg6 Rh8 36.Qg7+ Bc7
37.Rc1 Kb6 38.Rxc7  1-0

[Event "Umada Cup 2011"]
[Site "Hastings BAR"]
[Date "2011.11.11"]
[Round "5"]
[White "Denny,K"]
[Black "Pooler,Russell"]
[Result "1-0"]
[WhiteElo "2308"]
[BlackElo "1818"]

1.e4 c5 2.c3 Nf6 3.e5 Nd5 4.d4 cxd4 5.cxd4 d6 6.Bc4 Nb6 7.Bb5+ Nc6 8.Nf3 a6
9.Bxc6+ bxc6 10.Qe2 Qc7 11.O-O d5 12.Bf4 e6 13.Rc1 Bb7 14.Nbd2 a5 15.Ne1 Bb4
16.Nd3 Bxd2 17.Bxd2 O-O 18.Nc5 Rfc8 19.Qd3 Ra7 20.Qg3 Kh8 21.Qh4 Nd7 22.Nxd7 Qxd7
23.Rc3 Qd8 24.Bg5 Qg8 25.Rg3  1-0

[Event "OCF FIDE Fall Open"]
[Site "Oklahoma City USA"]
[Date "2011.11.12"]
[Round "1.1"]
[White "Chikkala,Srikar"]
[Black "Wawrzaszek,J"]
[Result "0-1"]
[WhiteElo "1810"]
[BlackElo "1991"]

1.e4 c5 2.c3 Nf6 3.e5 Nd5 4.d4 cxd4 5.cxd4 d6 6.Nf3 Nc6 7.Bc4 Nb6 8.Bb3 dxe5
9.dxe5 Qxd1+ 10.Bxd1 g6 11.Bf4 Bg7 12.Nbd2 O-O 13.O-O Be6 14.Be2 Nd7 15.Bc4 Bxc4
16.Nxc4 b5 17.Rad1 Rad8 18.Na3 Ndxe5 19.Nxe5 Nxe5 20.Nxb5 Nd3 21.Bc7 Rd7
22.Rd2 a6 23.Nc3 Bxc3 24.bxc3 Rxc7 25.Rxd3 Rb8 26.Rc1 Rb2 27.a4 Ra2 28.Rd4 Rxc3
29.Rcd1 Rca3 30.g3 Rxa4 31.Rxa4 Rxa4 32.Rd7 Ra1+ 33.Kg2 e6 34.Kf3 a5 35.Ke2 a4
36.Ra7 a3 37.Kf3 a2  0-1

[Event "TCh-CZE Liga 1 Zapad"]
[Site "Czech Rep CZE"]
[Date "2011.11.13"]
[Round "3.8"]
[White "Doring,R"]
[Black "Lacha,Jo"]
[Result "1/2-1/2"]
[WhiteElo "2184"]
[BlackElo "2065"]

1.e4 c5 2.c3 Nf6 3.e5 Nd5 4.d4 cxd4 5.Nf3 e6 6.cxd4 b6 7.Nc3 Nxc3 8.bxc3 Qc7
9.Bd2 d6 10.Bd3 Nd7 11.O-O dxe5 12.Ng5 Bb7 13.Qh5 g6 14.Qh3 Be7 15.Rfe1 Bxg5
16.Bxg5 f5 17.Bb5 O-O 18.Bxd7 Qxd7 19.Rxe5 Rfe8 20.Bf4 Rac8 21.Re3 h5 22.Qg3 Kh7
23.Qg5 Qg7 24.h3 Bd5 25.Kh2 Rf8 26.a3 Rf7 27.Rae1 Re8 28.Re5 Rc8 29.R1e3 Bc4
30.Rg3 Bd5 31.Ree3 Rcf8 32.Qh4 Rd7 33.Rg5 Qf7 34.Reg3 Rg8 35.Be5 Kh6 36.Bf4 Kh7
37.Be5 Kh6 38.Qf4 Kh7 39.Kg1 Rb7 40.Qd2 Bc4 41.h4 Rd7 42.Qd1 b5 43.a4 a6
44.axb5 axb5 45.Qb1 Ra7 46.Kh2 Ra2 47.Rf3 Qa7  1/2-1/2

[Event "15th Zenica Int"]
[Site "Zenica BIH"]
[Date "2011.11.13"]
[Round "1.5"]
[White "Mestrovic,Z"]
[Black "Martinovic,Sl"]
[Result "1/2-1/2"]
[WhiteElo "2372"]
[BlackElo "2433"]

1.e4 c5 2.c3 Nf6 3.e5 Nd5 4.d4 cxd4 5.Nf3 e6 6.Bc4 d6 7.exd6 Bxd6 8.O-O O-O
9.cxd4 Nc6 10.Nc3 Nce7 11.Qb3 Nxc3 12.bxc3 b6 13.Ne5 Bb7 14.Ba3 Bxa3 15.Qxa3 Qc7
16.Rfe1 Nd5 17.Bxd5 Bxd5 18.Rac1 Bc4 19.Re3 b5 20.Rce1 a5 21.Rg3 Bd5 22.Nd3 b4
23.Qc1 f6 24.Nc5 bxc3 25.Rxc3 Qd6 26.Nxe6 Bxe6 27.Rc6 Qxd4 28.Rcxe6 Rac8  1/2-1/2

[Event "WYCC U18 Open"]
[Site "Caldas Novas BRA"]
[Date "2011.11.18"]
[Round "1"]
[White "Maglieri,N"]
[Black "Stanciu,Al"]
[Result "0-1"]
[WhiteElo "1909"]
[BlackElo "2309"]

1.e4 c5 2.c3 Nf6 3.e5 Nd5 4.d4 cxd4 5.cxd4 Nc6 6.Nf3 d6 7.Bc4 Nb6 8.Bb5 Bd7
9.Nc3 dxe5 10.dxe5 g6 11.Bf4 Bg7 12.Qd2 a6 13.Be2 O-O 14.Rd1 Bg4 15.Qe3 Nd7
16.h3 Bf5 17.g4 Be6 18.Ng5 Qc7 19.Nxe6 fxe6 20.O-O Ndxe5 21.Bg3 Kh8 22.f4 Nf7
23.f5 Nfe5 24.fxe6 Rxf1+ 25.Kxf1 Rf8+ 26.Kg2 Qc8 27.Nd5 Qxe6 28.b3 Qf7 29.Nf4 e6
30.Qe4 Re8 31.Rf1 Qe7 32.Rd1 Nf7 33.Bxa6 Ng5 34.Qc4 Ne5 35.Nxg6+ hxg6 36.Bxe5 Bxe5
37.Bb5 Rf8 38.Qe2 Qf6 39.h4 Qf4  0-1

[Event "WYCC U16 Open"]
[Site "Caldas Novas BRA"]
[Date "2011.11.19"]
[Round "2"]
[White "Ynojosa,F"]
[Black "Gusev,N"]
[Result "1-0"]
[WhiteElo "2307"]
[BlackElo "2134"]

1.e4 c5 2.c3 Nf6 3.e5 Nd5 4.d4 cxd4 5.cxd4 e6 6.Nc3 Nc6 7.Nxd5 exd5 8.Nf3 d6
9.Be2 Be7 10.O-O O-O 11.Qb3 dxe5 12.dxe5 Rb8 13.Rd1 Be6 14.Qa4 a6 15.Bf4 b5
16.Qc2 Rc8 17.Qd2 Qb6 18.Bg5 Bc5 19.Bh4 Rfe8 20.Qf4 Ne7 21.Bd3 Ng6 22.Bxg6 fxg6
23.b4 Bf8 24.a3 Rc4 25.Rd4 Kh8 26.Rxc4 g5 27.Qd4 Qxd4 28.Rxd4 gxh4 29.Nxh4 g5
30.Nf3 Kg7 31.h3 Rc8 32.Rad1 Rc7 33.R4d3 Bf7 34.Nd4 Bg6 35.Re3 Rc4 36.g4 h5
37.gxh5 Bxh5 38.Nf5+ Kg8 39.Ne7+  1-0

[Event "WYCC U16 Girls"]
[Site "Caldas Novas BRA"]
[Date "2011.11.19"]
[Round "2"]
[White "Visanescu,D"]
[Black "Brito,D"]
[Result "1/2-1/2"]
[WhiteElo "2057"]
[BlackElo "1841"]

1.e4 c5 2.c3 Nf6 3.e5 Nd5 4.d4 cxd4 5.Nf3 d6 6.cxd4 e6 7.Bc4 Nb6 8.Bb3 dxe5
9.Nxe5 Nc6 10.Nxc6 bxc6 11.O-O Ba6 12.Re1 Be7 13.Nc3 O-O 14.Qg4 Bd3 15.Qf3 Bg6
16.Qxc6 Qxd4 17.Be3 Qd6 18.Qf3 Bf6 19.Rad1 Qb4 20.Bd2 Qh4 21.Rc1 Rad8 22.Be3 Nd7
23.Bc2 Ne5 24.Qg3 Qxg3 25.hxg3 Bxc2 26.Rxc2 Nd3 27.Rb1 a6 28.a3 Rb8 29.b4 Rfc8
30.Rb3 a5 31.Bd2 axb4 32.axb4 Rxb4 33.Rxb4 Nxb4 34.Rb2 Nd3 35.Rb3 Bxc3 36.Rxc3 Rxc3
37.Bxc3 f6 38.Kf1 e5 39.Ke2 Nc5 40.Bb4 Ne6 41.Ke3 Kf7 42.Bd6 Nd4 43.Bb8 Ke6
44.Ba7 Nb5 45.Bc5 f5 46.Bb4 Nc7 47.Ba5 Nd5+ 48.Ke2 h5 49.Bd2 f4 50.gxf4 Nxf4+
51.Kf3 Kf5 52.g3 e4+ 53.Ke3 Nd5+ 54.Kd4 Nf6 55.Ke3 Ng4+ 56.Ke2 Ne5 57.Bc3 g5
58.Kf1 Nd3 59.Bd2 Kg4 60.Kg2 h4 61.gxh4 gxh4 62.Be3 Nf4+ 63.Kh2 Kf3 64.Ba7 Kg4
65.Be3 Ng6 66.Ba7 Ne5 67.Bb6 Nf3+ 68.Kg2 h3+ 69.Kh1 Ne1 70.Kh2 Nd3 71.Ba7 Kf3
72.Kxh3 Nxf2+ 73.Kh2 Ng4+ 74.Kg1 Ne3 75.Kh2 Nc2 76.Kg1 Ke2 77.Kg2 Kd3 78.Kf2  1/2-1/2

[Event "WYCC U16 Girls"]
[Site "Caldas Novas BRA"]
[Date "2011.11.20"]
[Round "3"]
[White "Smirnova,Ek"]
[Black "Rodriguez Rueda,P"]
[Result "0-1"]
[WhiteElo "2028"]
[BlackElo "2145"]

1.e4 c5 2.c3 Nf6 3.e5 Nd5 4.Nf3 Nc6 5.Bc4 Nb6 6.Bb3 c4 7.Bc2 d5 8.exd6 e5
9.O-O Qxd6 10.d3 cxd3 11.Bxd3 Bg4 12.Qe2 O-O-O 13.Rd1 Qc7 14.h3 Bxf3 15.Qxf3 g6
16.a4 f5 17.a5 Nd7 18.Bg5 Be7 19.Bxe7 Nxe7 20.a6 e4 21.axb7+ Qxb7 22.Qe3 Nd5
23.Ba6 Nxe3 24.Bxb7+ Kxb7 25.fxe3 Nc5 26.Nd2 Rd3 27.Nc4 Rhd8 28.Rxd3 exd3
29.Rd1 Kc6 30.Ne5+ Kb5 31.b4 Ne4 32.c4+ Kxb4 33.Nc6+ Kc3 34.Nxd8 Kc2 35.Rf1 d2
36.Nc6 d1=Q 37.Rxd1 Kxd1 38.Nxa7 Ke2 39.Nc6 Kxe3 40.Ne5 Kd4 41.Nd7 Kxc4 42.Nf8 Nf6
43.g4 fxg4 44.hxg4 g5 45.Ne6 h6 46.Kg2 Nxg4 47.Kg3 Ne5 48.Ng7 Kd5 49.Nf5 h5
50.Ng7 h4+ 51.Kh3 Ke4 52.Ne6 Kf5 53.Nd4+ Kg6 54.Ne6 Kh6 55.Kg2 g4 56.Nf4 Nc4
57.Ne2 Nd6 58.Nf4 Ne4 59.Kh2 Kg5 60.Ne6+ Kf5 61.Ng7+ Kg6 62.Ne6 Kf5 63.Ng7+ Ke5
64.Kg2 h3+ 65.Kh2 Kf4 66.Nh5+ Kf3 67.Kg1 g3 68.Nxg3 Kxg3 69.Kh1 Nf2+  0-1

[Event "TCh-FIN SM-Liiga 2011-12"]
[Site "Joensuu FIN"]
[Date "2011.11.20"]
[Round "6.2"]
[White "Sklyarov,D"]
[Black "Niemela,A"]
[Result "1-0"]
[WhiteElo "2416"]
[BlackElo "2279"]

1.e4 c5 2.c3 Nf6 3.e5 Nd5 4.d4 cxd4 5.Nf3 e6 6.cxd4 b6 7.Bd3 Ba6 8.O-O Bxd3
9.Qxd3 Be7 10.Nc3 Nxc3 11.bxc3 d5 12.exd6 Qxd6 13.a4 Nc6 14.Ba3 Qd7 15.Bxe7 Qxe7
16.d5 Qd7 17.Rfe1 Rd8 18.c4 Ne7 19.Qe4 exd5 20.cxd5 Kf8 21.Rad1 h5 22.d6 Nc6
23.Rc1 Rc8 24.Rxc6 Rxc6 25.Ne5  1-0

[Event "21st World Seniors"]
[Site "Rijeka CRO"]
[Date "2011.11.21"]
[Round "6.8"]
[White "Kuyindzhi,A"]
[Black "Klundt,K"]
[Result "1/2-1/2"]
[WhiteElo "2435"]
[BlackElo "2383"]

1.e4 c5 2.c3 Nf6 3.e5 Nd5 4.d4 cxd4 5.Qxd4 e6 6.Nf3 Nc6 7.Qe4 d6 8.Nbd2 dxe5
9.Nxe5 Nxe5 10.Qxe5 Qd6 11.Bb5+ Bd7 12.Bxd7+ Qxd7 13.O-O Qc7 14.Qxc7 Nxc7
15.Ne4 Be7 16.c4 Na6 17.Rd1 Nc5 18.Nd6+ Bxd6 19.Rxd6 Ke7 20.Rd1 Rhd8 21.Be3 b6
22.Kf1 e5 23.Ke2 Na4 24.Rab1 Ke6 25.Rd3 f5 26.Ra3 Nc5 27.b4 Nd7 28.f3 Rdc8
29.Rc1 a5 30.bxa5 Rxa5 31.Rxa5 bxa5 32.c5 Rc6 33.a4 g6  1/2-1/2

[Event "3rd Pilsen Open"]
[Site "Plzen CZE"]
[Date "2011.11.22"]
[Round "5"]
[White "Klement,L"]
[Black "Arab,A"]
[Result "0-1"]
[WhiteElo "2250"]
[BlackElo "2403"]

1.e4 c5 2.c3 Nf6 3.e5 Nd5 4.Nf3 Nc6 5.d4 cxd4 6.Bc4 Nb6 7.Bb3 d5 8.exd6 Qxd6
9.Nxd4 Nxd4 10.cxd4 Be6 11.O-O Bxb3 12.Qxb3 e6 13.Nc3 Qb4 14.d5 Qxb3 15.axb3 Nxd5
16.Nxd5 exd5 17.Ra5 Be7 18.Re1 f6 19.Rxd5 Rd8 20.Rxd8+ Kxd8 21.Be3 a6 22.Rd1+ Kc7
23.Rc1+ Kd7 24.Rd1+ Ke6 25.Re1 Kf7 26.Rc1 Rd8 27.Kf1 Rd5 28.Ke2 Rb5 29.Rc3 Bd6
30.f4 h5 31.h4 Ke6 32.Rd3 a5 33.Bd2 Rd5 34.Rf3 Kf5 35.g3 Kg4 36.Bc3 b6 37.Be1 Bc5
38.Rc3 Rd7 39.Kf1 Rd1 40.Ke2 Rxe1+ 41.Kxe1 Bb4 42.Kf2 Bxc3 43.bxc3 b5 44.Ke3 a4
45.bxa4 bxa4 46.Kd3 Kxg3 47.Kc4 Kxf4 48.Kb4 Ke5 49.c4 Kd6  0-1

[Event "47th American Open"]
[Site "Orange USA"]
[Date "2011.11.26"]
[Round "6"]
[White "Sevillano,E"]
[Black "Zavadsky,P1"]
[Result "1-0"]
[WhiteElo "2461"]
[BlackElo "2283"]

1.e4 c5 2.c3 Nf6 3.e5 Nd5 4.d4 cxd4 5.Nf3 e6 6.cxd4 d6 7.Nc3 Nc6 8.Bd2 Be7
9.Bc4 dxe5 10.dxe5 O-O 11.Qe2 a6 12.Rd1 b5 13.Bd3 Ncb4 14.Bb1 Nxc3 15.bxc3 Nd5
16.h4 Bb7 17.Bxh7+ Kxh7 18.Ng5+ Bxg5 19.hxg5+ Kg6 20.Qh5+ Kf5 21.g6+  1-0

[Event "TCh-CZE Liga1 Vychod"]
[Site "Czech Rep CZE"]
[Date "2011.11.27"]
[Round "4"]
[White "Kislinsky,A"]
[Black "Roubalik,J"]
[Result "1-0"]
[WhiteElo "2528"]
[BlackElo "2307"]

1.e4 c5 2.c3 Nf6 3.e5 Nd5 4.Nf3 e6 5.Bc4 d6 6.d4 cxd4 7.cxd4 Nc6 8.Qe2 Be7
9.O-O O-O 10.Re1 Bd7 11.Nc3 Nxc3 12.bxc3 dxe5 13.dxe5 Na5 14.Bd3 Bc6 15.Nd4 Bd5
16.Qg4 g6 17.Bh6 Re8 18.Rad1 Qc7 19.h4 Bf8 20.Nb5 Qc6 21.Bxf8 Rxf8 22.h5 Bc4
23.Nd6 Bxd3 24.Rxd3 f5 25.exf6 Rxf6 26.Qg5 Raf8 27.Qxa5 Rxf2 28.Qg5 Qb6 29.Qe3  1-0

[Event "TCh-CZE Liga 1 Zapad"]
[Site "Czech Rep CZE"]
[Date "2011.11.27"]
[Round "4.6"]
[White "Vachal,Jos2"]
[Black "Klecker,T"]
[Result "0-1"]
[WhiteElo "2191"]
[BlackElo "2191"]

1.e4 c5 2.c3 Nf6 3.e5 Nd5 4.d4 cxd4 5.Nf3 e6 6.cxd4 Be7 7.Bc4 d6 8.O-O Nc6
9.Bd2 O-O 10.Nc3 Nxc3 11.Bxc3 d5 12.Bd3 Bd7 13.Rc1 Qb6 14.Qd2 f6 15.exf6 Bxf6
16.b4 g6 17.b5 Nxd4 18.Bxd4 Bxd4 19.Bxg6 Rxf3 20.Bxh7+ Kxh7 21.gxf3 Bxb5
22.Rfe1 e5 23.Kh1 Qf6 24.Rc7+ Kh8 25.Rg1 Rg8 26.Rxg8+ Kxg8 27.Qc2 Qxf3+ 28.Kg1 Qg4+
29.Kh1 Qe4+ 30.Qxe4 dxe4 31.Rxb7 Bc4 32.Kg2 Bxa2 33.Kg3 a5 34.Rb8+ Kg7 35.Ra8 Bc3
36.Kg4 Be6+ 37.Kg3 Be1 38.Kg2 Bb3 39.Ra6 a4 40.h4 Bc3 41.h5 Bb2 42.Kg3 a3
43.Kg4 a2 44.Ra7+ Kh8  0-1